000 00631cam a22002293a 4500
001 9468
003 PGUSA
005 20140828083212.0
008 051201s2005||||xxu|||||s|||||000 1 eng d
040 _aPGUSA
_beng
042 _adc
050 4 _aPR
100 1 _aHolcroft, Thomas,
_d1745-1809
245 1 0 _aAnna St. Ives
_h[electronic resource] /
_cThomas Holcroft
260 _bProject Gutenberg,
_c2005
506 _aPublic domain in the USA.
516 _aElectronic text
653 _aGothic fiction (Literary genre)
830 0 _aProject Gutenberg
_v9468
856 4 0 _uhttp://www.gutenberg.org/ebooks/9468
942 _cEB
999 _c238724
_d238724